00663nam a2200181 a 450000100100000000500170001000800410002702000150006804000250008310000310010824500880013926000450022730000360027250400280030874000230033695201050035999900170046400004302020201002040558.0140217s1994 xxuac 000 0 spa d a0873412974 aDO-SdBNPbspacBNPHU1 aSchreier, Konrad F.97054010aStandard guide to U.S. World War II tanks & artillery /cby Konrad F. Schreier, Jr. aLola, WI :bbKrause Publications,c1994. a256 p. :bil., retrs. ;c28 cm. aBibliografía : p. 2542 aTanks & artillery. 001050718MOaGRbGRcCTd2014-02-17iLF1l0o p43020-10r2020-06-25w2020-06-25y1ZNo se presta c42509d42509